000 00771nam a2200301Ia 4500
001 3412
003 IT-RoPAU
008 130308s9999 xx 000 0 und d
040 _aIT-RoPAU
040 _cIT-RoPAU
041 _aITALIANO
100 _aLenin Vladimir Il'Ic
100 _gCodice Aut. SPICS: 4717
245 2 _aA proposito della dialettica
245 _bContraddizione (La)
250 _a1a ed.
260 _aROMA
260 _bCitta' Nuova
260 _c1977 [1° Ed.:1977 - Ed.Ling.Originale:]
300 _a"4 p. (prefazione: no ; testo: 4 [pagine: 419-422])"
500 _aIdentità degli Opposti
650 _aLOGICA FILOSOFICA
650 _eCodice materia Spics: 3151
942 _cBK
957 _71
999 _c39020
_d39020
999 _bSI
999 _g1